00528 a2200193 45000010006000000050017000060080041000230030015000640400040000790800032001192450046001512640033001973000017002300410008002479420007002555900036002621000021002989990015003194735520260407155741.0260407a1985 arg spa dAR-UNSa-BCEJYS aAR-UNSa-BCEJYSbspacAR-UNSa-BCEJYS a94:33xHistoria económica10aHistoria económica mundial del siglo XX 1aBarcelona :bCríticac1985 a6 v.c20 cm. aspa cBK aniveau_biblio:m niveau_hierar:01 aFischer, Wolfram c4346d4346